000 00422nam a2200145Ia 4500
008 100204s9999 xx 000 0 und d
082 _b25845
100 _aठाकूर दिलीप
245 _aबॉलिवुड
260 _b"संवेदना प्रकाशन, मुंबई"
_c2003
300 _a120
630 _aबॉलिवुड
730 _aबॉलिवुड
942 _cBOOK
999 _c471024
_d471021